000 01161nam a2200337 i 4500
001 25405
003 KOSZ 005
005 20201103124904.0
008 071027s1971 pl a f 001 0 pol
015 _aPB 1971/11086
040 _aWA N
_cWA N
_dKOSZ 005/RW
_dKOSZ 005/HR
046 _k1971
080 _a621.9
100 1 _aKoryciński, Marian
_d(1924-1970)
_eAutor
245 1 0 _aSzlifowanie i szlifierki bezkłowe /
_cMarian Koryciński.
260 _aWarszawa :
_bWydawnictwa Naukowo-Techniczne,
_c1971.
300 _a242, [1] strony :
_bilustracje ;
_c24 cm.
336 _aTekst
_btxt
_2rdacontent
337 _aBez urządzenia pośredniczącego
_bn
_2rdamedia
338 _aWolumin
_bnc
_2rdacarrier
380 _aKsiążki.
388 _a1901-2000
504 _aBibliografia na stronie [241]. Indeks.
658 _aInżynieria i technika
650 4 _aBudowa i konstrukcje
650 4 _aSzlifowanie
650 4 _aSzlifierka
710 2 _aWydawnictwa Naukowo-Techniczne
_4pbl.
856 _uhttp://koha.tu.koszalin.pl/cgi-bin/koha/opac-detail.pl?biblionumber=25405
_yKatalog online BPK
942 _2UKD
_cKS
999 _c25405
_d25405